[Event "Bahn-SC Wuppertal 1 - SG Ennepe-Ruhr-Sü"]
[Site "Oberliga NRW 2016/2017"]
[Date "2016.10.23"]
[Round "2.1"]
[White "Lupor, Stefan"]
[Black "Savchenko, Vyacheslav"]
[Result "1/2-1/2"]
[WhiteElo "2283"]
[BlackElo "2332"]
[PlyCount "86"]
[EventDate "2016.??.??"]
[WhiteTeam "SG Ennepe-Ruhr-Süd 1"]
[BlackTeam "Bahn-SC Wuppertal 1"]

1. e4 c5 2. Nf3 e6 3. g3 d5 4. exd5 Qxd5 5. d3 Nf6 6. Bg2 Be7 7. Na3 O-O 8. O-O
Nc6 9. Nc4 Qd8 10. b3 h6 11. Bb2 Bd7 12. Nfe5 Rc8 13. Nxd7 Nxd7 14. Bxc6 Rxc6
15. Ne5 Nxe5 16. Bxe5 Bf6 17. Qe2 Bxe5 18. Qxe5 Qa5 19. a4 Qd2 20. Rac1 Rd8 21.
Rfd1 Qb4 22. Re1 Rcd6 23. Re4 Qd2 24. Qf4 Qxf4 25. Rxf4 f5 26. h4 Kf7 27. Re1
Kf6 28. Rf3 Rd4 29. Rfe3 R8d6 30. Kg2 a6 31. Re5 b6 32. a5 bxa5 33. Rxc5 a4 34.
bxa4 Rxa4 35. Rb1 g5 36. hxg5+ hxg5 37. Rb7 g4 38. f4 gxf3+ 39. Kxf3 Ra1 40.
Rb8 Rc1 41. Ke3 Re1+ 42. Kf3 Rf1+ 43. Ke3 Re1+ 1/2-1/2

[Event "Bahn-SC Wuppertal 1 - SG Ennepe-Ruhr-Sü"]
[Site "Oberliga NRW 2016/2017"]
[Date "2016.10.23"]
[Round "2.2"]
[White "Savchenko, Aleksij"]
[Black "Lupor, André"]
[Result "1-0"]
[WhiteElo "2238"]
[BlackElo "2189"]
[PlyCount "57"]
[EventDate "2016.??.??"]
[WhiteTeam "Bahn-SC Wuppertal 1"]
[BlackTeam "SG Ennepe-Ruhr-Süd 1"]

1. e4 c5 2. Nf3 d6 3. d4 cxd4 4. Nxd4 Nf6 5. Nc3 a6 6. f3 e5 7. Nb3 Be6 8. Be3
Be7 9. Qd2 O-O 10. O-O-O Nbd7 11. g4 b5 12. Kb1 b4 13. Nd5 Bxd5 14. exd5 a5 15.
g5 Nh5 16. h4 a4 17. Nc1 Rb8 18. Bh3 f5 19. gxf6 Ndxf6 20. Ne2 Kh8 21. Qd3 Qa5
22. Be6 Bd8 23. f4 exf4 24. Bxf4 Nxf4 25. Nxf4 Bb6 26. h5 Ng8 27. Ng6+ hxg6 28.
hxg6+ Nh6 29. Qd2 1-0

[Event "Bahn-SC Wuppertal 1 - SG Ennepe-Ruhr-Sü"]
[Site "Oberliga NRW 2016/2017"]
[Date "2016.10.23"]
[Round "2.3"]
[White "Arndt, Stefan"]
[Black "Khanukov, Boris"]
[Result "1/2-1/2"]
[WhiteElo "2104"]
[BlackElo "2252"]
[PlyCount "121"]
[EventDate "2016.??.??"]
[WhiteTeam "SG Ennepe-Ruhr-Süd 1"]
[BlackTeam "Bahn-SC Wuppertal 1"]

1. e4 c5 2. Nf3 Nc6 3. Nc3 g6 4. d4 cxd4 5. Nxd4 Bg7 6. Nb3 d6 7. Be2 Nf6 8.
O-O O-O 9. Bg5 a5 10. a4 Be6 11. f4 Rc8 12. f5 Bxb3 13. cxb3 Nb4 14. Bc4 Nd7
15. Qe2 Ne5 16. Nd5 Nxd5 17. Bxd5 Qd7 18. f6 exf6 19. Bxf6 Bxf6 20. Rxf6 Kg7
21. Raf1 Qe7 22. Qf2 Rc5 23. Qh4 Qc7 24. Qg5 h6 25. Qg3 Rc1 26. h3 b6 27. Kh2
Rxf1 28. Rxf1 Rb8 29. Qf2 Qe7 30. Qd4 Kg8 31. Bc4 Qc7 32. Qd5 Kg7 33. Qd4 Rf8
34. Kh1 Qc5 35. Qd2 Nxc4 36. bxc4 Qxc4 37. Rc1 Qxe4 38. Qxd6 Qxa4 39. Qxb6 Qf4
40. Qc5 Rb8 41. Qc3+ Kg8 42. Ra1 a4 43. Rd1 Re8 44. Kg1 h5 45. Rf1 Qe4 46. Qf6
Qd5 47. Rf4 Re2 48. Rf3 Rd2 49. Kh2 Qe6 50. Qf4 Qd7 51. Qb8+ Kg7 52. Qe5+ Kg8
53. Qb8+ Kh7 54. Qf4 Rxb2 55. Qxf7+ Qxf7 56. Rxf7+ Kh6 57. h4 a3 58. Ra7 Ra2
59. Kg3 Ra1 60. Kh2 a2 61. g3 1/2-1/2

[Event "Bahn-SC Wuppertal 1 - SG Ennepe-Ruhr-Sü"]
[Site "Oberliga NRW 2016/2017"]
[Date "2016.10.23"]
[Round "2.4"]
[White "Bashilin, Roman"]
[Black "Tripolsky, Eugen"]
[Result "1/2-1/2"]
[WhiteElo "2208"]
[BlackElo "2195"]
[PlyCount "93"]
[EventDate "2016.??.??"]
[WhiteTeam "Bahn-SC Wuppertal 1"]
[BlackTeam "SG Ennepe-Ruhr-Süd 1"]

1. d4 Nf6 2. Nf3 g6 3. Bf4 Bg7 4. e3 O-O 5. h3 d6 6. Be2 Nc6 7. O-O e5 8. dxe5
Ne4 9. c3 dxe5 10. Qxd8 Rxd8 11. Bh2 Bf5 12. Na3 Nc5 13. Bb5 f6 14. Rfd1 Bf8
15. Bxc6 bxc6 16. Nc4 Na4 17. Rd2 Be6 18. Na5 Rxd2 19. Nxd2 Nxb2 20. Ndb3 c5
21. f4 c4 22. Nd2 Bc5 23. Kf2 Rd8 24. Ne4 Bb6 25. Nc6 Rd3 26. Nxf6+ Kg7 27.
fxe5 Nd1+ 28. Kf1 Nxe3+ 29. Ke2 Nxg2 30. Rf1 Rxh3 31. Bg1 Rxc3 32. Bxb6 axb6
33. Ne8+ Kh6 34. Nxc7 Bg4+ 35. Kd2 Rd3+ 36. Kc1 Rd7 37. Ne8 Ne3 38. Rh1+ Kg5
39. Nf6 Rc7 40. Nd4 Kf4 41. Nc2 Nxc2 42. Nd5+ Kxe5 43. Nxc7 Nb4 44. Rxh7 Nxa2+
45. Kb2 Nb4 46. Kc3 Nd5+ 47. Kxc4 1/2-1/2

[Event "Bahn-SC Wuppertal 1 - SG Ennepe-Ruhr-Sü"]
[Site "Oberliga NRW 2016/2017"]
[Date "2016.10.23"]
[Round "2.5"]
[White "Heller, Achim"]
[Black "Ries, Benjamin"]
[Result "1-0"]
[WhiteElo "2055"]
[BlackElo "2169"]
[PlyCount "114"]
[EventDate "2016.??.??"]
[WhiteTeam "SG Ennepe-Ruhr-Süd 1"]
[BlackTeam "Bahn-SC Wuppertal 1"]

1. d4 d5 2. c4 c6 3. cxd5 cxd5 4. Nf3 Nf6 5. Nc3 Nc6 6. Bf4 a6 7. Rc1 e6 8. e3
Be7 9. Ne5 O-O 10. Bd3 Bd7 11. O-O Qa5 12. Bg5 Rfd8 13. Bxf6 Bxf6 14. Bxh7+ Kf8
15. f4 Be8 16. Bb1 g6 17. g4 Rac8 18. Qf3 Qb4 19. Rf2 Rc7 20. Qg3 Rdc8 21. h4
Bg7 22. h5 g5 23. a3 Qd6 24. h6 Bh8 25. Rcf1 Qe7 26. Bh7 Nxe5 27. fxe5 f6 28.
Rxf6+ Bxf6 29. Rxf6+ Qxf6 30. exf6 Rxh7 31. Qd6+ Kf7 32. Qe7+ Kg6 33. Qxe6 Bd7
34. Qxd5 Bxg4 35. Qg2 Be6 36. Qc2+ Kxh6 37. e4 Kg6 38. d5 Bd7 39. Qg2 Rh4 40.
Kf2 Rch8 41. Ke3 Rg4 42. Qd2 Rh3+ 43. Kd4 b6 44. f7 Kxf7 45. Ke5 Rh6 46. Qf2+
Rf4 47. Qc2 Rff6 48. Ne2 g4 49. Qc7 Ke8 50. Kd4 Rf3 51. Qe5+ Kf8 52. Qc7 Rf7
53. e5 Rg6 54. e6 Bxe6 55. Qd6+ Re7 56. Nf4 Rh6 57. Nxe6+ Ke8 1-0

[Event "Bahn-SC Wuppertal 1 - SG Ennepe-Ruhr-Sü"]
[Site "Oberliga NRW 2016/2017"]
[Date "2016.10.23"]
[Round "2.6"]
[White "Tueckmantel, Rene"]
[Black "Osswald, Luis Monty"]
[Result "1-0"]
[WhiteElo "2109"]
[BlackElo "2094"]
[PlyCount "125"]
[EventDate "2016.??.??"]
[WhiteTeam "Bahn-SC Wuppertal 1"]
[BlackTeam "SG Ennepe-Ruhr-Süd 1"]

1. c4 c5 2. g3 b6 3. Bg2 Nc6 4. Nf3 Bb7 5. O-O Nf6 6. Nc3 e6 7. d4 cxd4 8. Nxd4
a6 9. b3 Qc7 10. Nc2 d6 11. Bb2 Ne5 12. e4 Rc8 13. Rc1 Qb8 14. f4 Ned7 15. Re1
Ba8 16. Qe2 h5 17. Bf3 Be7 18. Nd5 Bd8 19. e5 dxe5 20. Nxf6+ Bxf6 21. Bxa8 Qxa8
22. fxe5 Be7 23. Qg2 Qxg2+ 24. Kxg2 Bg5 25. Rcd1 b5 26. Na3 Be7 27. Rc1 b4 28.
Nb1 Rc5 29. Bd4 Rc7 30. Rcd1 Bc5 31. Bb2 Ke7 32. Nd2 a5 33. Ne4 a4 34. Rf1 Ra8
35. Rxd7+ Rxd7 36. Nxc5 Rd2+ 37. Rf2 Rxf2+ 38. Kxf2 axb3 39. axb3 h4 40. Nd3
hxg3+ 41. hxg3 Rh8 42. Bd4 Rh1 43. Bc5+ Kd7 44. Bxb4 Rb1 45. Bd2 f6 46. b4 fxe5
47. Nxe5+ Kd6 48. Nd3 Rb3 49. Bf4+ Kc6 50. Ke3 Ra3 51. Kd4 Kb6 52. Nc5 g5 53.
Bxg5 Rxg3 54. Bd8+ Ka7 55. Nxe6 Rg1 56. Kd5 Rb1 57. b5 Rd1+ 58. Kc6 Kb8 59. b6
Rb1 60. Nd4 Ka8 61. Nb5 Rb4 62. b7+ Kb8 63. Bc7# 1-0

[Event "Bahn-SC Wuppertal 1 - SG Ennepe-Ruhr-Sü"]
[Site "Oberliga NRW 2016/2017"]
[Date "2016.10.23"]
[Round "2.7"]
[White "Bruchmann, Norbert"]
[Black "Werbeck, Torsten"]
[Result "1/2-1/2"]
[WhiteElo "2029"]
[BlackElo "2051"]
[Annotator "Hausrath,Daniel"]
[PlyCount "112"]
[EventDate "2016.??.??"]
[WhiteTeam "SG Ennepe-Ruhr-Süd 1"]
[BlackTeam "Bahn-SC Wuppertal 1"]

1. e4 d6 2. Nc3 g6 3. f4 c6 4. d4 d5 5. Nf3 Bg4 6. e5 e6 7. h3 Bxf3 8. Qxf3 h5
9. g3 Qb6 10. Qd3 a6 11. Bd2 Nd7 12. Na4 Qc7 13. b4 Nb6 14. Nb2 Ne7 15. a4 Nf5
16. Rg1 Be7 17. a5 Nc8 18. c3 Na7 19. g4 hxg4 20. hxg4 Ng7 21. Qf3 O-O-O 22.
Na4 Rh2 23. O-O-O Rdh8 24. Bg2 Qd8 25. Be1 Nb5 26. Bg3 R2h7 27. Kb2 Bh4 28. Rh1
Bxg3 29. Qxg3 Rh4 30. Rxh4 Qxh4 31. Qf3 Qe7 32. Bh3 Kb8 33. Nc5 Nc7 34. Rh1 Qd8
35. Bf1 Ka7 36. Bd3 Rh4 37. Rxh4 Qxh4 38. f5 gxf5 39. gxf5 exf5 40. Bxf5 Nxf5
41. Qxf5 Qh2+ 42. Qc2 Qh3 $11 43. Qd3 Qg2+ 44. Kb3 Nb5 45. Nd7 Qg5 46. Kb2 Qg2+
47. Qc2 Qf3 48. Qd2 Qf5 49. Nf6 Qf3 50. Ne8 Qg3 51. Nf6 Qf3 52. Nd7 Qf5 53. Nb6
Qf3 54. Na4 Qf5 55. Qh2 Qd3 56. Qc2 Qf3 1/2-1/2

[Event "Bahn-SC Wuppertal 1 - SG Ennepe-Ruhr-Sü"]
[Site "Oberliga NRW 2016/2017"]
[Date "2016.10.23"]
[Round "2.8"]
[White "Bogorad, Michail"]
[Black "Schaefer, Martin"]
[Result "1/2-1/2"]
[WhiteElo "2031"]
[BlackElo "1920"]
[Annotator "Hausrath,Daniel"]
[PlyCount "170"]
[EventDate "2016.??.??"]
[WhiteTeam "Bahn-SC Wuppertal 1"]
[BlackTeam "SG Ennepe-Ruhr-Süd 1"]

1. e4 c5 2. Nf3 d6 3. Bb5+ Bd7 4. a4 Nc6 5. O-O a6 6. Bxc6 bxc6 7. b3 g6 8. Bb2
e5 9. Na3 Bg7 10. Nc4 Qc7 11. a5 Ne7 12. Nb6 Ra7 13. Nxd7 Qxd7 14. Qe2 O-O 15.
h3 h6 16. d3 g5 17. Nh2 Ng6 18. Qg4 f5 19. exf5 Nf4 20. f6 Rxf6 21. Qxd7 Rxd7
22. Ng4 Rf8 23. Rae1 h5 24. Ne3 d5 25. Nd1 Re8 26. Nc3 c4 27. dxc4 dxc4 28.
bxc4 Rd2 29. Bc1 Rxc2 30. Bxf4 gxf4 31. Ne4 Rd8 32. Rc1 Ra2 33. Ra1 Rc2 34.
Rfc1 Re2 35. Re1 Rxe1+ 36. Rxe1 Rd4 37. Nc5 Rxc4 38. Nxa6 Ra4 39. Nb8 c5 40. a6
e4 41. a7 e3 42. Nc6 Bc3 43. Re2 Bd4 44. fxe3 fxe3 45. g3 Kf7 46. Kg2 Ke6 47.
Kf3 Kd5 48. Ne7+ Ke6 49. Nc6 Kd6 50. Nxd4 cxd4 51. Ke4 Kc5 52. Rc2+ Kb4 53.
Kxd4 Kb3+ 54. Kd3 Rxa7 55. Re2 Rd7+ 56. Kxe3 Re7+ 57. Kf3 Rf7+ 58. Kg2 Kc4 59.
Re5 Rh7 60. Rf5 Kd4 61. Kf3 Rh8 62. Kf4 Rh7 63. Kg5 Ke4 64. Rf4+ Ke5 65. Kg6
Rh8 66. Rf5+ Ke6 67. Rg5 h4 68. Kg7 Rc8 69. gxh4 Rc7+ 70. Kg6 Ke7 71. h5 Kf8
72. Kh6 Rb7 $11 73. Rg6 Rb5 74. h4 Rc5 75. Rg5 Rc7 76. Rg6 Rc5 77. Rg5 Rc7 78.
Kg6 Kg8 79. h6 Rc6+ 80. Kh5+ Kh8 81. Rd5 Rb6 82. Kg5 Kh7 83. h5 Rc6 84. Rd7+
Kh8 85. Rf7 Rd6 1/2-1/2

[Event "DJK Aufwärts Aachen 2 - SG Porz 2"]
[Site "Oberliga NRW 2016/2017"]
[Date "2016.10.23"]
[Round "2.1"]
[White "Lutz, Christopher"]
[Black "Burg, Twan"]
[Result "1/2-1/2"]
[WhiteElo "2457"]
[BlackElo "2464"]
[PlyCount "114"]
[EventDate "2016.??.??"]
[WhiteTeam "SG Porz 2"]
[BlackTeam "DJK Aufwärts Aachen 2"]

1. e4 c5 2. Nf3 d6 3. d4 cxd4 4. Nxd4 Nf6 5. Nc3 a6 6. Be3 e5 7. Nb3 Be7 8. f3
Be6 9. Qd2 O-O 10. O-O-O a5 11. Bb5 Na6 12. Kb1 Nc7 13. Bb6 Qc8 14. Bxc7 Qxc7
15. g4 Rfd8 16. Qf2 Nd7 17. Bxd7 Rxd7 18. Nc1 Bg5 19. N1e2 Qc6 20. h4 Bd8 21.
Nd5 Rc8 22. Ng3 b5 23. Nf5 g6 24. Nfe3 Rb7 25. f4 exf4 26. Qxf4 Bxd5 27. Rxd5
Bb6 28. Rxd6 Qc7 29. e5 Bxe3 30. Qxe3 Qxc2+ 31. Ka1 Rbc7 32. a3 Qg2 33. Re1
Qxg4 34. e6 fxe6 35. Rxe6 Rc1+ 36. Rxc1 Rxc1+ 37. Qxc1 Qxe6 38. Qg5 a4 39. Qxb5
Qe1+ 40. Ka2 Qxh4 41. b4 Qf2+ 42. Kb1 h5 43. Qxa4 h4 44. Qe8+ Kg7 45. b5 Qf5+
46. Kb2 h3 47. Qe7+ Qf7 48. Qxf7+ Kxf7 49. b6 h2 50. b7 h1=Q 51. b8=Q Qg2+ 52.
Kc3 Qf3+ 53. Kd2 Qxa3 54. Qf4+ Ke7 55. Qe4+ Kd7 56. Qxg6 Qd6+ 57. Qxd6+ Kxd6
1/2-1/2

[Event "DJK Aufwärts Aachen 2 - SG Porz 2"]
[Site "Oberliga NRW 2016/2017"]
[Date "2016.10.23"]
[Round "2.2"]
[White "Zaragatski, Ilja"]
[Black "Malykin, Vitaly"]
[Result "1-0"]
[WhiteElo "2487"]
[BlackElo "2367"]
[PlyCount "101"]
[EventDate "2016.??.??"]
[WhiteTeam "DJK Aufwärts Aachen 2"]
[BlackTeam "SG Porz 2"]

1. Nf3 d5 2. g3 Nf6 3. Bg2 Nbd7 4. d4 b5 5. O-O e6 6. b3 Bb7 7. c4 dxc4 8. bxc4
bxc4 9. Qa4 Be7 10. Ne5 Bxg2 11. Kxg2 c5 12. dxc5 Qc7 13. Bf4 Nd5 14. Na3 Bxc5
15. Naxc4 Nxf4+ 16. gxf4 f6 17. Rfd1 fxe5 18. Nxe5 Bd6 19. Rxd6 Qxd6 20. Rd1
Qxd1 21. Qxd1 Nxe5 22. fxe5 O-O 23. Qd7 Rfe8 24. f4 a5 25. Qa4 h6 26. Kg3 Kf7
27. e4 Re7 28. Kg4 Raa7 29. h4 Reb7 30. a3 Rc7 31. f5 Ra6 32. Qb5 Rac6 33. Qxa5
Rc4 34. fxe6+ Ke7 35. Kf5 h5 36. Qb6 R4c6 37. Qb4+ Rc5 38. Qb6 R5c6 39. Qg1 Kf8
40. Qg5 Re7 41. Qxh5 Rexe6 42. Qd1 Ke7 43. Qd5 Ra6 44. Qb7+ Kf8 45. Qc8+ Ke7
46. Qc7+ Kf8 47. h5 Rh6 48. Qd8+ Kf7 49. Qd7+ Kg8 50. e6 Rxh5+ 51. Kg4 1-0

[Event "DJK Aufwärts Aachen 2 - SG Porz 2"]
[Site "Oberliga NRW 2016/2017"]
[Date "2016.10.23"]
[Round "2.3"]
[White "Korotkjevich, Stanislav"]
[Black "Popovic, Petar"]
[Result "1/2-1/2"]
[WhiteElo "2354"]
[BlackElo "2435"]
[Annotator "Hausrath,Daniel"]
[PlyCount "53"]
[EventDate "2016.??.??"]
[WhiteTeam "SG Porz 2"]
[BlackTeam "DJK Aufwärts Aachen 2"]

1. d4 Nf6 2. Nf3 g6 3. c4 Bg7 4. Nc3 O-O 5. e4 d6 6. Be2 e5 7. d5 c6 8. O-O Na6
9. Nd2 Bd7 10. Rb1 Rc8 11. b4 cxd5 12. exd5 Bf5 13. Rb3 Nc7 14. a4 b6 15. g4
Bd7 16. g5 Nh5 17. Nde4 Nf4 18. Bg4 Ne8 19. Bxf4 exf4 20. Bxd7 Qxd7 21. Qe2 f3
22. Qxf3 Rxc4 23. a5 h6 24. h4 hxg5 25. hxg5 Be5 26. Ne2 b5 27. Kh1 {
Rest nicht nachvollziehbar!} 1/2-1/2

[Event "DJK Aufwärts Aachen 2 - SG Porz 2"]
[Site "Oberliga NRW 2016/2017"]
[Date "2016.10.23"]
[Round "2.4"]
[White "Van Dooren, Dirk"]
[Black "Xu, Xianliang"]
[Result "1/2-1/2"]
[WhiteElo "2289"]
[BlackElo "2242"]
[PlyCount "77"]
[EventDate "2016.??.??"]
[WhiteTeam "DJK Aufwärts Aachen 2"]
[BlackTeam "SG Porz 2"]

1. e4 c5 2. d3 Nc6 3. f4 g6 4. Nf3 Bg7 5. g3 d6 6. Bg2 e6 7. O-O Nge7 8. c3 O-O
9. Be3 b6 10. d4 d5 11. e5 Ba6 12. Re1 cxd4 13. cxd4 Rc8 14. Qd2 Na5 15. b3 Nf5
16. Bf2 Qc7 17. g4 Ne7 18. Bh4 Rfe8 19. Na3 Qc3 20. Qxc3 Rxc3 21. Rac1 Rxc1 22.
Rxc1 Nec6 23. Bf1 Bxf1 24. Kxf1 Bh6 25. Bg5 Bxg5 26. fxg5 Nb4 27. Nb5 Nxa2 28.
Rc7 a6 29. Nd6 Rf8 30. Nd2 Nb4 31. Ke2 Kg7 32. h4 Nac6 33. Nf3 Na5 34. Kd2 Na2
35. Kc2 Nb4+ 36. Kc3 Na2+ 37. Kc2 Nb4+ 38. Kd2 Na2 39. Kc2 1/2-1/2

[Event "DJK Aufwärts Aachen 2 - SG Porz 2"]
[Site "Oberliga NRW 2016/2017"]
[Date "2016.10.23"]
[Round "2.5"]
[White "Pauly, Carlo"]
[Black "Skulener, Wladimir"]
[Result "1/2-1/2"]
[WhiteElo "2218"]
[BlackElo "2345"]
[PlyCount "34"]
[EventDate "2016.??.??"]
[WhiteTeam "SG Porz 2"]
[BlackTeam "DJK Aufwärts Aachen 2"]

1. d4 f5 2. c4 Nf6 3. g3 d6 4. Nf3 g6 5. Bg2 Bg7 6. O-O O-O 7. Nc3 Nc6 8. d5
Na5 9. Qa4 b6 10. Nd2 Bd7 11. Qc2 c5 12. a3 Rc8 13. b3 Qe8 14. Bb2 g5 15. e3
Qh5 16. Rae1 Rf7 17. f4 h6 1/2-1/2

[Event "DJK Aufwärts Aachen 2 - SG Porz 2"]
[Site "Oberliga NRW 2016/2017"]
[Date "2016.10.23"]
[Round "2.6"]
[White "Gulbas, Cemil"]
[Black "Gallinnis, Norbert"]
[Result "1-0"]
[WhiteElo "2340"]
[BlackElo "2131"]
[PlyCount "55"]
[EventDate "2016.??.??"]
[WhiteTeam "DJK Aufwärts Aachen 2"]
[BlackTeam "SG Porz 2"]

1. d4 Nf6 2. c4 c5 3. d5 Ne4 4. Qc2 Qa5+ 5. Nd2 Nf6 6. e4 d6 7. f4 g6 8. Bd3
Ng4 9. Ke2 Bg7 10. Ngf3 O-O 11. h3 Nf6 12. Re1 Na6 13. a3 e6 14. Kf2 Qd8 15.
Rb1 Nh5 16. Nf1 exd5 17. cxd5 Nc7 18. b4 b6 19. g4 Nf6 20. Ng3 h5 21. gxh5 Bxh3
22. Rh1 Qd7 23. Ng5 Bg4 24. h6 Bh8 25. h7+ Kg7 26. Bb2 Qe7 27. e5 dxe5 28. d6
1-0

[Event "DJK Aufwärts Aachen 2 - SG Porz 2"]
[Site "Oberliga NRW 2016/2017"]
[Date "2016.10.23"]
[Round "2.7"]
[White "Wagenknecht, Uwe"]
[Black "Marcziter, Dmitrii"]
[Result "1/2-1/2"]
[WhiteElo "2176"]
[BlackElo "2254"]
[PlyCount "60"]
[EventDate "2016.??.??"]
[WhiteTeam "SG Porz 2"]
[BlackTeam "DJK Aufwärts Aachen 2"]

1. Nf3 d5 2. g3 Nf6 3. Bg2 c5 4. O-O Nc6 5. d3 g6 6. c3 Bg7 7. a3 O-O 8. b4
cxb4 9. axb4 b5 10. Nbd2 Nd7 11. Nd4 Nxd4 12. cxd4 Bxd4 13. Bxd5 Bxa1 14. Bxa8
Nb6 15. Bg2 Bc3 16. Ne4 Bg7 17. Bd2 Be6 18. Bc3 Na4 19. Bxg7 Kxg7 20. Qa1+ f6
21. Nc3 Qd7 22. Nxa4 bxa4 23. Rc1 Rc8 24. h4 Rxc1+ 25. Qxc1 Qd4 26. Qa3 Bd7 27.
e3 Qd6 28. Qc3 e5 29. d4 exd4 30. exd4 a3 1/2-1/2

[Event "DJK Aufwärts Aachen 2 - SG Porz 2"]
[Site "Oberliga NRW 2016/2017"]
[Date "2016.10.23"]
[Round "2.8"]
[White "Lenaerts, Lennert"]
[Black "Liard, Thibaud"]
[Result "0-1"]
[WhiteElo "2292"]
[BlackElo "2129"]
[PlyCount "44"]
[EventDate "2016.??.??"]
[WhiteTeam "DJK Aufwärts Aachen 2"]
[BlackTeam "SG Porz 2"]

1. d4 Nf6 2. c4 g6 3. f3 Bg7 4. e4 O-O 5. Be3 d6 6. Ne2 Nbd7 7. Qd2 c5 8. d5 b5
9. cxb5 a6 10. Nec3 Qa5 11. a4 axb5 12. Nxb5 Nb6 13. N1c3 Nfd7 14. b3 c4 15.
bxc4 Ne5 16. Bd4 Bd7 17. Rc1 Rfc8 18. Qf2 Nxa4 19. Ra1 Bxb5 20. cxb5 Rxc3 21.
Qd2 Nxf3+ 22. gxf3 Bxd4 0-1

[Event "SK Königsspringer Iserlohn 1 - SV Watte"]
[Site "Oberliga NRW 2016/2017"]
[Date "2016.10.23"]
[Round "2.1"]
[White "Koscielski, Janusz"]
[Black "Scheider, Julian"]
[Result "1/2-1/2"]
[WhiteElo "2270"]
[BlackElo "2292"]
[Annotator "Hausrath,Daniel"]
[PlyCount "90"]
[EventDate "2016.??.??"]
[WhiteTeam "SV Wattenscheid 1"]
[BlackTeam "SK Königsspringer Iserlohn 1"]

1. g3 e5 2. Bg2 d5 3. d3 c6 4. Nf3 Bd6 5. O-O Ne7 6. e4 O-O 7. b3 f6 8. Bb2 Be6
9. Nbd2 d4 10. Qe2 a5 11. a4 Na6 12. Nc4 Bb4 13. Nfd2 b5 14. Na3 Qb6 15. Nab1
bxa4 16. Nc4 Qc7 17. bxa4 Bxc4 18. dxc4 Nc5 19. Nd2 Nc8 20. Nb3 Nb6 21. Nxc5
Bxc5 22. c3 Rfd8 23. Rfd1 Qe7 24. Bf1 Rd6 25. cxd4 exd4 26. Qc2 Rad8 27. Bd3 g6
28. Rab1 Nd7 29. Bc1 Ne5 30. Bf4 g5 31. Bxe5 $11 fxe5 32. Qd2 Bb4 33. Qe2 Rf8
34. Qg4 h6 35. Rf1 Kh7 36. Kg2 Rdf6 37. h4 Rg8 38. hxg5 Rxg5 39. Qh3 Qf7 40.
Be2 Qg6 41. Bf3 Qf7 42. Be2 c5 43. Rb3 Rg7 44. Rf3 Rxf3 45. Bxf3 d3 1/2-1/2

[Event "SK Königsspringer Iserlohn 1 - SV Watte"]
[Site "Oberliga NRW 2016/2017"]
[Date "2016.10.23"]
[Round "2.2"]
[White "Schmitz, Philipp"]
[Black "Thiel, Thomas"]
[Result "0-1"]
[WhiteElo "2150"]
[BlackElo "2261"]
[PlyCount "62"]
[EventDate "2016.??.??"]
[WhiteTeam "SK Königsspringer Iserlohn 1"]
[BlackTeam "SV Wattenscheid 1"]

1. e4 c5 2. Nf3 Nc6 3. d4 cxd4 4. Nxd4 d5 5. Bb5 dxe4 6. Nxc6 Qxd1+ 7. Kxd1 a6
8. Nd4+ axb5 9. Nxb5 Bg4+ 10. Ke1 Rd8 11. N1c3 f5 12. h3 Bh5 13. Rg1 Nf6 14.
Bg5 Kf7 15. Ne2 e5 16. g4 Bg6 17. gxf5 Bxf5 18. h4 h6 19. Bxf6 gxf6 20. Rd1 Bc5
21. Rxd8 Rxd8 22. Rg3 Be6 23. a3 f5 24. Nc7 Bc8 25. Rc3 Be7 26. h5 f4 27. Rc4
e3 28. fxe3 Bh4+ 29. Kf1 Bh3+ 30. Kg1 f3 31. Rxh4 Rd1+ 0-1

[Event "SK Königsspringer Iserlohn 1 - SV Watte"]
[Site "Oberliga NRW 2016/2017"]
[Date "2016.10.23"]
[Round "2.3"]
[White "Franke, Johannes"]
[Black "Eckardt, Joshua"]
[Result "1/2-1/2"]
[WhiteElo "2262"]
[BlackElo "2192"]
[PlyCount "31"]
[EventDate "2016.??.??"]
[WhiteTeam "SV Wattenscheid 1"]
[BlackTeam "SK Königsspringer Iserlohn 1"]

1. e4 e6 2. d3 d5 3. Nd2 c5 4. g3 Nc6 5. Bg2 g6 6. f4 Bg7 7. Ngf3 Nge7 8. O-O
b6 9. e5 Bb7 10. c3 Nf5 11. Re1 Qd7 12. Nf1 h5 13. Be3 d4 14. cxd4 Ncxd4 15.
Nxd4 cxd4 16. Bf2 1/2-1/2

[Event "SK Königsspringer Iserlohn 1 - SV Watte"]
[Site "Oberliga NRW 2016/2017"]
[Date "2016.10.23"]
[Round "2.4"]
[White "Kind, Bertram"]
[Black "Sandkamp, Ralph"]
[Result "1/2-1/2"]
[WhiteElo "2166"]
[BlackElo "2168"]
[PlyCount "78"]
[EventDate "2016.??.??"]
[WhiteTeam "SK Königsspringer Iserlohn 1"]
[BlackTeam "SV Wattenscheid 1"]

1. e4 c5 2. Nc3 Nc6 3. f4 g6 4. Nf3 Bg7 5. Bc4 e6 6. f5 Nge7 7. fxe6 dxe6 8. d3
O-O 9. O-O Na5 10. Qe1 Nxc4 11. dxc4 Nc6 12. Bg5 f6 13. Be3 b6 14. Rd1 Qe7 15.
Bf4 Nd4 16. e5 Nxf3+ 17. Rxf3 fxe5 18. Bxe5 Rxf3 19. gxf3 Qg5+ 20. Bg3 Bd4+ 21.
Kg2 Qf5 22. Ne4 Bb7 23. c3 Rf8 24. Qe2 Be5 25. Rd3 Bxe4 26. Qxe4 Qxe4 27. fxe4
Bxg3 28. hxg3 Rf7 29. Rd6 Re7 30. b4 cxb4 31. cxb4 Rc7 32. Rxe6 Rxc4 33. Re7
Rxb4 34. Kf3 Ra4 35. Kf4 Rxa2 36. Kg5 Rf2 37. Rxa7 Rf7 38. Ra6 Kg7 39. Rxb6 h6+
1/2-1/2

[Event "SK Königsspringer Iserlohn 1 - SV Watte"]
[Site "Oberliga NRW 2016/2017"]
[Date "2016.10.23"]
[Round "2.5"]
[White "Kaehmann, Joerg"]
[Black "Klauke, Stefan"]
[Result "1/2-1/2"]
[WhiteElo "2186"]
[BlackElo "2109"]
[PlyCount "55"]
[EventDate "2016.??.??"]
[WhiteTeam "SV Wattenscheid 1"]
[BlackTeam "SK Königsspringer Iserlohn 1"]

1. e4 c5 2. Nc3 Nc6 3. Nf3 Nf6 4. d4 d5 5. exd5 Nxd5 6. Bc4 Nxc3 7. bxc3 e6 8.
O-O cxd4 9. cxd4 Be7 10. Be3 O-O 11. Qe2 b6 12. Rfd1 Bb7 13. d5 exd5 14. Bxd5
Qc7 15. Qc4 Rad8 16. Nd4 Rxd5 17. Qxd5 Nxd4 18. Qxd4 Bf6 19. Qd7 Qxd7 20. Rxd7
Bc8 21. Rad1 Bxd7 22. Rxd7 Rd8 23. Rxd8+ Bxd8 24. Kf1 Kf8 25. Ke2 Ke7 26. Kd3
Kd6 27. Kc4 Kc6 28. a4 1/2-1/2

[Event "SK Königsspringer Iserlohn 1 - SV Watte"]
[Site "Oberliga NRW 2016/2017"]
[Date "2016.10.23"]
[Round "2.6"]
[White "Schwanbeck, Christoph"]
[Black "Koerber, Matthias"]
[Result "0-1"]
[WhiteElo "2070"]
[BlackElo "2160"]
[PlyCount "92"]
[EventDate "2016.??.??"]
[WhiteTeam "SK Königsspringer Iserlohn 1"]
[BlackTeam "SV Wattenscheid 1"]

1. Nf3 d5 2. d4 c6 3. Bf4 Bf5 4. e3 Nf6 5. c4 Nbd7 6. Qb3 Qb6 7. c5 Qxb3 8.
axb3 Nh5 9. Nbd2 Nxf4 10. exf4 a6 11. b4 Rc8 12. Nb3 e6 13. Na5 Rc7 14. Nh4 Be7
15. Nxf5 exf5 16. Kd2 Nf8 17. Nxc6 bxc6 18. Rxa6 Rc8 19. Bd3 Ne6 20. Bxf5 Bf6
21. Re1 Kd7 22. Ra7+ Rc7 23. Rxe6 fxe6 24. Bxe6+ Kd8 25. Ra8+ Ke7 26. Rxh8 Kxe6
27. Kc3 Kf5 28. g3 Ke4 29. Re8+ Re7 30. Rxe7+ Bxe7 31. h3 h5 32. b3 Bd8 33. g4
h4 34. f5 Bf6 35. b5 Bxd4+ 36. Kb4 Be5 37. bxc6 d4 38. Kc4 d3 39. f4 d2 40.
fxe5 d1=Q 41. e6 Qd5+ 42. Kb5 Qxb3+ 43. Ka6 Qb8 44. e7 Kd5 45. c7 Qa8+ 46. Kb5
Qb7+ 0-1

[Event "SK Königsspringer Iserlohn 1 - SV Watte"]
[Site "Oberliga NRW 2016/2017"]
[Date "2016.10.23"]
[Round "2.8"]
[White "Meinecke, Gerd"]
[Black "Schroeder, Wilfried"]
[Result "1/2-1/2"]
[WhiteElo "1963"]
[BlackElo "2164"]
[Annotator "Hausrath,Daniel"]
[PlyCount "115"]
[EventDate "2016.??.??"]
[WhiteTeam "SK Königsspringer Iserlohn 1"]
[BlackTeam "SV Wattenscheid 1"]

1. d4 d5 2. Bf4 e6 3. e3 Bd6 4. Bg3 Nf6 5. Nf3 Ne4 6. Bxd6 cxd6 7. Bd3 Nc6 8.
Nbd2 Nxd2 9. Qxd2 e5 10. dxe5 dxe5 11. Bb5 f6 12. c4 Be6 13. cxd5 Qxd5 14. Qxd5
Bxd5 15. O-O Ke7 16. Rfd1 Rhd8 17. Nd2 Rac8 18. a3 Na5 19. Rac1 a6 20. Rxc8
Rxc8 21. Bd3 Rd8 22. Bc2 h6 23. e4 Bc4 24. b4 Be2 25. Rc1 Rxd2 26. bxa5 Bb5 27.
f3 Kd6 28. Bb3 Bc6 29. Rc3 g5 30. h3 h5 31. Kh2 h4 32. Kg1 Rb2 33. Kh2 Bb5 34.
Kg1 Rd2 35. Bd5 Rd3 36. Rxd3 Bxd3 37. Bxb7 Kc5 38. Bd5 f5 39. Kf2 $11 Kd4 40.
Bb7 f4 41. Ke1 Kc3 42. Bc8 Bb5 43. Be6 Bd3 44. Bd5 Kd4 45. Be6 Kc5 46. Kd2 Bf1
47. Ke1 Bb5 48. Kd2 Kd4 49. Bd5 Bf1 50. Be6 Kc5 51. Ke1 Bc4 52. Bxc4 Kxc4 53.
Kd2 Kd4 54. Ke2 Kc3 55. Kd1 Kd3 56. Ke1 Ke3 57. Kf1 Kd2 58. Kf2 1/2-1/2